| 000 | 00498nam a2200181Ia 4500 | ||
|---|---|---|---|
| 001 | 62188 | ||
| 008 | 170622n ii |||gr||||Z||||||465 | ||
| 020 | _a81-239-0875-x | ||
| 082 | _a552.5 | ||
| 100 |
_aPettijohn, F.J., _eAuthor. |
||
| 245 | 0 |
_aSedimentary Rocks _cF.J.Pettijohn _hTextual Documents |
|
| 250 | _a3rd Ed. | ||
| 260 |
_aNew Delhi: _bCBS Publishers & Distributors Pvt.Ltd. |
||
| 300 |
_a628p: _bill; _c24cm. |
||
| 653 | _aSedimentary Rocks | ||
| 653 | _aDept - Geol | ||
| 942 |
_2ddc _cBK |
||
| 999 |
_c63295 _d63295 |
||